Отчет директора Белгородской учительской семинарии Бобровского об осмотре в Германии учительских семинарий и начальных училищ

Доступно только в Электронных читальных залах Найти на картеНа карте
RUSMARC
00003696nmc2a22002413x 450
0010239d946-9522-459e-88ee-6138229b810e
00520230715133417.0
100##$a20221220l18721872k l0rusy0189 ca
1010#$arus
102##$aRU
105##$ay###
1222#$ad
2001#$aОтчет директора Белгородской учительской семинарии Бобровского об осмотре в Германии учительских семинарий и начальных училищ
$j20 февраля 1872 г.
215##$a193 л.
$d36,5х26 см
251##$cДело
300##$aМатериалы о начальных школах в Германии и Франции
371##$aДокумент не является опубликованным и широко распространяемым
461#0$1001a74412a3-3cc5-4d21-8f0a-dfe2fbd9e72d
$12001
$aДепартамент народного просвещения Министерства народного просвещения (1803-1917)
$1251
$cФонд
$1852
$j733
462#0$1001e7457a9b-6ab2-47cb-b3ed-bfff162542f9
$12001
$aРазряд учительских институтов, семинарий и низших учебных заведений
$1251
$cОпись
$1852
$j227
801#0$aRU
$bРГИА
$c20221220
$gRCR
801#1$aRU
$bГлавНИВЦ
$c20221220
$2rusmarc
801#2$aRU
$bПБ им. Б.Н. Ельцина
$c20230715
$gRCR
$2rusmarc
850##$aРГИА
852##$aРГИА
$eФедеральное казенное учреждение "Российский государственный исторический архив" (РГИА)
$j176
937##$hРГИА
$d12396152
$aASBIBLIO_SCAN
035##$aRusGRCC00057395
856##$uhttp://readingroom.main.prlib.ru/item.aspx?id_node=n186541377&mode=full
Формат отображения